<?xml version="1.0" encoding="UTF-8"?>
<collection xmlns="http://www.loc.gov/MARC21/slim">
    <record>
        <controlfield tag="001">56688</controlfield>
        <controlfield tag="005">20200221144215.0</controlfield>
        <datafield tag="024" ind1="8" ind2=" ">
            <subfield code="2">sideral</subfield>
            <subfield code="a">95735</subfield>
        </datafield>
        <datafield tag="037" ind1=" " ind2=" ">
            <subfield code="a">ART-2016-95735</subfield>
        </datafield>
        <datafield tag="041" ind1=" " ind2=" ">
            <subfield code="a">eng</subfield>
        </datafield>
        <datafield tag="100" ind1=" " ind2=" ">
            <subfield code="0">(orcid)0000-0002-4277-3760</subfield>
            <subfield code="a">Lasierra, José Manuel</subfield>
            <subfield code="u">Universidad de Zaragoza</subfield>
        </datafield>
        <datafield tag="245" ind1=" " ind2=" ">
            <subfield code="a">How does work managemnt improve job satisfaction? Evidence from Spain</subfield>
        </datafield>
        <datafield tag="260" ind1=" " ind2=" ">
            <subfield code="c">2016</subfield>
        </datafield>
        <datafield tag="506" ind1="0" ind2=" ">
            <subfield code="a">Access copy available to the general public</subfield>
            <subfield code="f">Unrestricted</subfield>
        </datafield>
        <datafield tag="520" ind1="3" ind2=" ">
            <subfield code="a">Our purpose is to analyze the influence of organizational and psycho-social practices on job satisfaction in Spain. Our hypothesis maintains that modern businesses organize work providing greater well-being for the worker, with the understanding that requiring a more cooperative attitude from the worker generates greater productivity. Using data from the Survey on the Quality of Life on the Job, 2004, we select the determinants of job satisfaction. Our findings indicate that work appears to have intrinsic value, and that the variables related to human relationships, particularly, those corresponding to social and work relationships, have an influence on job satisfaction.</subfield>
        </datafield>
        <datafield tag="540" ind1=" " ind2=" ">
            <subfield code="9">info:eu-repo/semantics/openAccess</subfield>
            <subfield code="a">by-nc</subfield>
            <subfield code="u">http://creativecommons.org/licenses/by-nc/3.0/es/</subfield>
        </datafield>
        <datafield tag="592" ind1=" " ind2=" ">
            <subfield code="a">0.2</subfield>
            <subfield code="b">2016</subfield>
        </datafield>
        <datafield tag="593" ind1=" " ind2=" ">
            <subfield code="a">Economics, Econometrics and Finance (miscellaneous)</subfield>
            <subfield code="c">2016</subfield>
            <subfield code="d">Q3</subfield>
        </datafield>
        <datafield tag="655" ind1=" " ind2="4">
            <subfield code="a">info:eu-repo/semantics/article</subfield>
            <subfield code="v">info:eu-repo/semantics/publishedVersion</subfield>
        </datafield>
        <datafield tag="700" ind1=" " ind2=" ">
            <subfield code="0">(orcid)0000-0002-9437-4606</subfield>
            <subfield code="a">Molina Chueca, José Alberto</subfield>
            <subfield code="u">Universidad de Zaragoza</subfield>
        </datafield>
        <datafield tag="700" ind1=" " ind2=" ">
            <subfield code="0">(orcid)0000-0001-5545-7006</subfield>
            <subfield code="a">Ortega, Raquel</subfield>
            <subfield code="u">Universidad de Zaragoza</subfield>
        </datafield>
        <datafield tag="710" ind1="2" ind2=" ">
            <subfield code="1">4012</subfield>
            <subfield code="2">650</subfield>
            <subfield code="a">Universidad de Zaragoza</subfield>
            <subfield code="b">Dpto. Direcc.Organiza.Empresas</subfield>
            <subfield code="c">Área Organización de Empresas</subfield>
        </datafield>
        <datafield tag="710" ind1="2" ind2=" ">
            <subfield code="1">4008</subfield>
            <subfield code="2">225</subfield>
            <subfield code="a">Universidad de Zaragoza</subfield>
            <subfield code="b">Dpto. Estruc.Hª Econ.y Eco.Pb.</subfield>
            <subfield code="c">Área Economía Aplicada</subfield>
        </datafield>
        <datafield tag="710" ind1="2" ind2=" ">
            <subfield code="1">4000</subfield>
            <subfield code="2">415</subfield>
            <subfield code="a">Universidad de Zaragoza</subfield>
            <subfield code="b">Dpto. Análisis Económico</subfield>
            <subfield code="c">Área Fund. Análisis Económico</subfield>
        </datafield>
        <datafield tag="773" ind1=" " ind2=" ">
            <subfield code="g">36, 2 (2016), 1202-1213</subfield>
            <subfield code="t">Economics Bulletin</subfield>
            <subfield code="x">1545-2921</subfield>
        </datafield>
        <datafield tag="856" ind1="4" ind2="1">
            <subfield code="u">http://www.accessecon.com/Pubs/EB/2016/Volume36/EB-16-V36-I2-P117.pdf</subfield>
            <subfield code="z">Texto completo de la revista</subfield>
        </datafield>
        <datafield tag="856" ind1="4" ind2=" ">
            <subfield code="s">126031</subfield>
            <subfield code="u">http://zaguan.unizar.es/record/56688/files/texto_completo.pdf</subfield>
            <subfield code="y">Versión publicada</subfield>
        </datafield>
        <datafield tag="856" ind1="4" ind2=" ">
            <subfield code="s">59560</subfield>
            <subfield code="u">http://zaguan.unizar.es/record/56688/files/texto_completo.jpg?subformat=icon</subfield>
            <subfield code="x">icon</subfield>
            <subfield code="y">Versión publicada</subfield>
        </datafield>
        <datafield tag="909" ind1="C" ind2="O">
            <subfield code="o">oai:zaguan.unizar.es:56688</subfield>
            <subfield code="p">articulos</subfield>
            <subfield code="p">driver</subfield>
        </datafield>
        <datafield tag="951" ind1=" " ind2=" ">
            <subfield code="a">2020-02-21-13:12:41</subfield>
        </datafield>
        <datafield tag="980" ind1=" " ind2=" ">
            <subfield code="a">ARTICLE</subfield>
        </datafield>
    </record>

    
</collection>